000 00981nam a2200289 i 4500
001 000008591
003 DO-SdBNP
005 20240308093205.0
007 ta
008 090917s1970 dr 000 0 spa d
040 _aDO-SdBNP
_bspa
_cBNPHU
_erda
082 4 _a928.3
_bZ97A
_222
100 1 _aArias V., Luis Emilio,
_d1881-1943
_923008
245 1 0 _aStefan Zweig y su aporte a la cultura universal /
_cLuis Emilio Arias V.
264 _aSanto Domingo :
_bLibreria Dominicana,
_c1970.
300 _a177 páginas ;
_c20 cm.
336 _2rdacontent
_atexto
_btxt
337 _2rdamedia
_asin mediación
_bn
338 _2rdacarrier
_avolumen
_bnc
504 _aBibliografía : p. 177
590 _aInventariado, 2022/MFF
600 1 4 _a Zweig, Stefan,
_d1881-1942
_xCrítica e interpretación
_922863
650 4 _aLiteratura austríaca
_94014
650 4 _aAutores australianos
_ySiglo XX
_vBiografías
_923009
910 _aValidado. Control de calidad MFF
942 _2ddc
_cLBS1
999 _c8361
_d8361